000 00908cam a2200253 4500
001 ABS63645
008 000000n2001 000 0 eng u
035 _a(Sirsi) u111760
245 _aInternational costs
260 _c2001
490 _aBuilding
_v266(8177) 23 March 2001, 68-73(6)
520 _aProvides details of Building's annual cost round -up of: inflation rates and forecasts; building costs for offices, industrial, residential and retail properties; labour rates; and building materials supply prices.
590 _aABS
650 _aINTERNATIONAL
650 _aINFLATION
650 _aFORECASTS
650 _aBUILT ENVIRONMENT-BUILDING COSTS
650 _aLABOUR RATES
650 _aBUILDING MATERIAL PRICES
650 _aGARDINER AND THEOBALD INTERNATIONAL CONSTRUCTION COST SURVEY
650 _aBUILT ENVIRONMENT
690 _aBUILT ENVIRONMENT-BUILDING COSTS
942 _n0
999 _c66587
_d66587